000 00357pam a2200145 a 4500
020 _a9789351529576
_c
041 _aeng
082 _a617.3
_bMAH
100 _aMAHINDRA M. .
245 _aFUNDAMENTALS OF ORTHOPAEDICS
_hTextual Documents
260 _bJAYPEE BROTHERS MEDICAL PUB.
_c2016
300 _a458:
_bXIX;
_cPB.
930 _a7286
999 _c801813
_d801813
650 _aORTHO